[Event "GRE-chT"]
[Site "Athens"]
[Date "1996.??.??"]
[Round "5"]
[White "Atalik, Suat"]
[Black "Miladinovic, Igor"]
[Result "1-0"]
[WhiteElo "2535"]
[BlackElo "2560"]
[Annotator "Atalik,S"]
[PlyCount "93"]
[EventDate "1996.??.??"]
[EventType "team"]
[EventRounds "9"]
[EventCountry "GRE"]
[SourceTitle "CBM 055 Extra"]
[Source "ChessBase"]
[SourceDate "1997.01.01"]
[SourceVersion "1"]
[SourceVersionDate "1997.01.01"]
[SourceQuality "1"]

1. d4 d5 2. c4 Nc6 3. cxd5 Qxd5 4. e3 e5 5. Nc3 Bb4 6. Bd2 Bxc3 7. Bxc3 $1 $146
{Costa} (7. bxc3 $6 Nf6 $1 8. Nf3 O-O 9. Qc2 Bg4 10. c4 Qd6 11. dxe5 Nxe5 12.
Nxe5 Qxe5 13. Bc3 Qg5 14. Bd3 Rad8 15. Bxf6 Qxf6 16. O-O $15 {Agnos(2460)
-Miladinovic(2560) Karditsa(09)1996}) 7... exd4 8. Ne2 Bg4 $5 9. f3 Be6 (9...
Bxf3 10. gxf3 Qxf3 11. Nxd4 Qxh1 12. Nxc6 Nf6 $1 13. Na5 $5 (13. Bxf6 gxf6 14.
Nd4 Qxh2 15. Qa4+ c6 16. Nxc6 $5 (16. O-O-O Qe5 $1 17. Qb3 O-O-O $1 18. Bh3+
Kc7 19. Qxf7+ Kb8 20. Qb3 Ka8 21. Rg1 $1 Rhe8 {Kalesis} (21... Qh2 $2 22. Rg7
Qh1+ 23. Kd2 Qh2+ 24. Bg2) (21... f5 $1 {Mastrokoukos} 22. Rf1 Rhe8 23. Bxf5
Qxe3+ 24. Qxe3 Rxe3 25. Nc2 Re7 26. Rh1 Rh8 27. Rh6 $10) 22. Be6 (22. Ne6 Qh2
23. Rd1 Rxd1+ 24. Qxd1 Qxh3 25. Nc7+ Kb8 26. Nxe8 Qxe3+) 22... Rxd4 23. exd4
Qf4+ 24. Kb1 Qe4+ 25. Qc2 Qxe6 26. Qxh7 $17) 16... Qxb2 17. Qe4+ $5 Kf8 18. Qd4
Qxd4 19. Nxd4 $44) 13... Qxh2 (13... Nd5 {Moldovan} 14. Qd4 $1) 14. Qa4+ c6 15.
Nxb7 $1 (15. Nxc6 Qg3+ 16. Ke2 O-O (16... Qh2+ 17. Kd3 O-O) 17. Be5 Qg4+ 18.
Qxg4 Nxg4 19. Ne7+ Kh8 20. Bd4) 15... Qg3+ 16. Kd2 O-O 17. Qxc6 $1 (17. Bxf6
Qf2+) 17... Rac8 18. Qg2 Qc7 $140 $2 19. Bxf6 Qc2+ 20. Ke1 Qxg2 21. Bxg2 gxf6
22. Rd1 $16) (9... Rd8 10. Nxd4 Nxd4 $4 11. Qxd4 Qe6 $2 (11... Qxd4 12. Bxd4
Rxd4 13. exd4 $16) 12. Qxg4 Qxe3+ 13. Be2 Ne7 14. Qa4+ b5 15. Qxb5+ c6 16. Qe5
Qb6 17. Ba5 {1-0 Mastrokoukos(2385)-Botsari(2355) Greek League(05)1996}) 10.
Nxd4 Nxd4 (10... O-O-O 11. Qa4 $1 Nge7 12. Nxc6 Nxc6 13. Bb5 {Mastrokoukos,
Tzermiadianos,And} a6 $2 14. Bxc6 Qxc6 15. Qxc6 bxc6 16. Bxg7 Rhg8 17. Bf6 Rd3
18. Rg1 Rxe3+ 19. Kd2 $18) 11. Qxd4 Qxd4 12. Bxd4 f6 13. Kf2 $14 Ne7 14. Be2
Kf7 15. Rhc1 c6 16. b4 Nf5 17. Bc3 Nd6 18. a4 Rhc8 $5 (18... Rhd8 19. Be1 $5) (
18... Bc4 19. Bxc4+ $1 (19. Bd1 $5) (19. Rd1 $6 Bxe2 20. Rxd6 Ke7 $1 21. Rd4
Ba6 $10 22. Rb1 b6 (22... b5 $6 23. a5 $14) 23. b5 Bb7 $1 24. bxc6 Bxc6 25.
Bb4+ Kf7 $10) 19... Nxc4 20. Bxf6 Nd2 $132 21. Rd1 Ne4+ (21... Nb3 22. Rab1)
22. fxe4 Kxf6 23. Rd7 $16) 19. e4 (19. g4 $14 {Makropoulou}) 19... Rc7 20. Bd4
(20. e5 fxe5 21. Bxe5 Rd7 $14) 20... Rd7 21. Be3 f5 $5 $132 22. e5 Nc8 23. b5
Ne7 24. f4 (24. a5 $2 cxb5 25. Bxb5 Rd5 $17) 24... Bd5 25. a5 cxb5 26. Bxb5 Bc6
27. Bc4+ (27. Bxc6 $6 Nxc6 28. a6 Nb4 29. axb7 Rxb7 30. Ra3 $10) 27... Bd5 28.
Bf1 $1 a6 $1 29. Bc5 Rc8 30. Bxe7 $1 (30. Bd6 Rxc1 31. Rxc1 Nc6 32. Rc5 Ke6 $36
33. Ke3 Rxd6 34. exd6 Kxd6 $17) 30... Rxc1 31. Rxc1 Kxe7 32. Ke3 $16 g6 $138
33. g3 Bc6 $1 34. Bc4 $1 (34. Bxa6 $2 Rd5 $10) 34... Rd8 35. Bb3 Rd7 36. Rc5 $1
(36. Rd1 Rc7) (36. Rc3 Rd8) 36... Kd8 $1 37. Bg8 $1 Kc7 38. e6 Re7 (38... Rd1
39. Re5 Kd6 40. Bxh7 Re1+ 41. Kd4 Rxe5 42. fxe5+ Kxe6 43. Bxg6 $18) 39. Kd4 Kd6
40. Bf7 $1 (40. h3 Bg2) 40... Rc7 (40... b6 41. axb6 Rb7 42. Re5 Ke7 43. Kc5)
41. h3 $1 b6 42. axb6 Rb7 43. Re5 a5 (43... Ke7 44. Kc5 (44. g4 $4 Rxb6 45. Kc5
Rb5+ 46. Kxc6 Rxe5 47. fxe5 f4 $19) 44... Be4 45. Bg8 Kf6 46. g4 (46. e7 Rxe7
47. Rxe7 Kxe7) 46... g5 47. gxf5 Bxf5 48. e7) 44. e7 $1 (44. Rxa5 Rxb6 45. Ra7
Rb7 46. Ra6 Rb8) 44... Rxe7 45. Rxe7 Kxe7 46. Kc5 Bb7 (46... Bg2 47. Bb3 (47.
Bd5 $4 Bxd5 48. Kxd5 Kd7 49. Kc5 a4 50. Kb4 Kc6 51. Kxa4 Kxb6 52. Kb4 Kc6 53.
Kc4 h6 $10) 47... Kd7 48. h4 Bf1 49. Bg8 $18) 47. Bb3 (47. Bb3 Kd7 48. Kb5 Kd6
49. Bg8 (49. Kxa5 Kc5 50. Ba4 Bg2 51. h4 Kd4 52. Be8 $5) 49... a4 50. Kxa4 Kc5
51. Bxh7 $18) 1-0

[Event "ISR-ch 34th"]
[Site "Haifa"]
[Date "2008.12.01"]
[Round "1"]
[White "Avrukh, Boris"]
[Black "Porat, Ido"]
[Result "1-0"]
[WhiteElo "2657"]
[BlackElo "2363"]
[Annotator "Avrukh,B"]
[PlyCount "63"]
[EventDate "2008.12.01"]
[EventType "swiss"]
[EventRounds "9"]
[EventCountry "ISR"]
[SourceTitle "CBM 127 Extra"]
[Source "ChessBase"]
[SourceDate "2009.01.08"]
[SourceVersion "2"]
[SourceVersionDate "2009.01.28"]
[SourceQuality "1"]

1. d4 d5 2. c4 Nc6 {My opponent decided to surprise me with the Chigorin
Defence, but I was well-armed , as recently I had analysed this opening quite
deeply, as it appeared in my book "Grandmaster Repertoire 1.d4 ".} 3. Nc3 {
This is the first time I went for this line against Chigorin. Usually I have
played} (3. cxd5 Qxd5 4. e3 {, but as far as I know recently Black is doing
quite well in this variation.}) 3... dxc4 {The main line against 3.Nc3} 4. Nf3
Nf6 (4... Bg4 $6 {is premature because of} 5. d5 $1) 5. Bg5 $5 {I found this
move quite promising for White; needless to say, this is the move I recommend
in my book as well.} h6 {The main line; before playing a6 it's useful for
Black to insert ...h6 Bh4.} 6. Bh4 a6 7. e4 b5 {This seems to me very risky
for Black.} ({More challenging would have been} 7... Bg4) 8. d5 Na5 9. e5 b4 {
The alternative is} (9... g5 10. Bg3 Nh5 {, but after the strong} 11. e6 $1 {
White has every chance to seize the initiative.}) {Here I sank into deep
thought, as I couldn't remember the line I recommended in my book:), but I
feel quite proud of the idea I found over the board.} 10. exf6 ({Indeed it was
not so easy to remember} 10. Qa4+ c6 11. exf6 bxc3 12. b4 $3 {and in this
crazy position White appeared to be better, as shown in my book.}) 10... bxc3
11. bxc3 exf6 12. Qa4+ c6 13. dxc6 ({For a while I was considering} 13. O-O-O
$2 {, but then I discovered the powerful} Bd6 $1 {and White's king comes under
attack with the following point} 14. dxc6 Bf4+ 15. Kb1 $2 Rb8+ 16. Ka1 Nb3+ $1
$19 {and Black wins.}) 13... Qe7+ $2 {I considered this continuation as
Black's best defensive resource during the game, but it appears to be a
serious mistake.} ({The correct continuation for Black would have been} 13...
Qb6 14. Rd1 ({Black is perfectly ok after} 14. Bxc4 Nxc4 15. Qxc4 Be6 16. Qa4
Rc8 17. Nd4 Bc5 {and Black regains the c-pawn.}) 14... Qb5 $1 ({Clearly worse} 
14... Nxc6 15. Ne5 Bb7 16. Nxc4 $16) 15. Qxb5 axb5 16. Nd4 Bc5 $1 ({In the
event of} 16... Ba6 17. c7 b4 18. Be2 {Black's position is very dangerous.})
17. Nxb5 O-O 18. c7 Nb7 19. Bxc4 $2 Ra4) 14. Be2 ({Doesn't work} 14. Kd2 $6 {
in view of} Qd6+ $1 15. Nd4 Qf4+ 16. Kd1 Qxh4 17. c7+ Bd7 18. Qxa5 Qxf2 {
with counterplay.}) 14... Qa3 15. Qxa3 ({Black gets a comfortable position
after} 15. Qc2 Bf5 $1) 15... Bxa3 16. Nd4 $1 $146 {This strong novelty, which
I found during the game was actually recommended by Ftacnik in his comments to
the following example:} (16. O-O $6 Nxc6 17. Bxc4 O-O 18. Bd5 Bd7 19. Rfd1 Rac8
{Milov,V (2590)-Morozevich,A (2575)/Tilburg 1994}) 16... Bb2 {Black has to win
the exchange, as otherwise after} (16... O-O 17. Rb1 {he will suffer with
equal material.}) 17. Kd2 Bxa1 18. Rxa1 $16 {[%csl Ga5,Gc6,Ge2,Gh4]} {Till
this moment my opponent had played very quickly and he already had a serious
time advantage. As he told me after the game he was following Morozevich's
book "Chigorin Defence". For the first time in the game my opponent started to
think here, but it seems to me, that it's too late already! Despite being the
exchange up, Black's position looks to me strategically losing. White has a
great positional compensation for the exchange: the c6-pawn is very strong and
with the support of White's two bishops might become a decisive factor. Also
we shouldn't forget about Black's knight clearly misplaced on a5: it was
eventually lost.} Be6 {I didn't manage to dicover any satisfactory defence for
Black. Here are the lines:} (18... O-O 19. Rb1 Rd8 20. c7 $1 Re8 21. Rb8 Bb7
22. Rxa8 Rxa8 23. Nf5 $18 {And even without the rook White manages to create
decisive threats.}) (18... Rb8 19. Bf3 O-O 20. Bg3 Rb6 21. Kc2 $1 {[%cal Gg3c7]
and 22.Bc7 threat decides.} (21. Bc7 Rb2+ $132)) (18... Ra7 19. Bg3 O-O 20. Bf3
Rd8 {White was threatening already 21.Bb8 Re7 22.Bd6} 21. Rb1 {with clear
advantage.}) 19. Bf3 Ke7 {Other options don't help as well:} (19... g5 20. Bg3
g4 21. Be4 f5 22. Bc2 $1 Rd8 (22... O-O-O 23. Ba4 $18) 23. c7 Rd5 24. Re1 $18)
({A very important line runs} 19... O-O-O 20. Rb1 Bd5 21. c7 $3 {and White
wins, for example:} Kxc7 22. Bg3+ Kc8 23. Bxd5 Rxd5 24. Rb8+ $18) 20. Bg3 Rac8
21. Rb1 $1 $18 {White's rook penetrates along the b-file with decisive effect.}
Rhd8 ({After} 21... g5 {the move I like most is} 22. Rb7+ $1 ({The alternative
is} 22. c7 f5 23. Nxe6 Kxe6 24. Rb6+ Kd7 25. Rxa6 f4 26. Bg4+ Kxc7 27. Bxf4+
gxf4 28. Bxc8 Rxc8 29. Rxa5 {and this rook endgame should be winning for White.
}) 22... Nxb7 23. cxb7 f5 24. b8=Q $5 Rxb8 25. Bxb8 {with a technically
winning position for White.}) 22. Rb6 Rd5 {A desparate attempt , but it's hard
to propose any reliable move for Black.} 23. Bxd5 Bxd5 24. Nf5+ {The rest is
very easy and doesn't require any special comments.} Ke6 25. Nxg7+ Ke7 26. Nf5+
Ke6 27. Nd4+ Ke7 28. c7 Bxg2 29. f3 Bh3 30. Rxa6 Nb7 31. Rb6 Na5 32. Rb5 {
[%csl Ga5] Black is losing his knight.} 1-0

[Event "Bundesliga 9900"]
[Site "Germany"]
[Date "2000.03.12"]
[Round "12.5"]
[White "Machelett, Heiko"]
[Black "Brynell, Stellan"]
[Result "0-1"]
[WhiteElo "2387"]
[BlackElo "2494"]
[Annotator "Bangiev,A"]
[PlyCount "62"]
[EventDate "1999.10.09"]
[EventType "team-tourn"]
[EventRounds "15"]
[EventCountry "GER"]
[SourceTitle "CBM 076"]
[Source "ChessBase"]
[SourceDate "2000.05.31"]
[SourceVersion "1"]
[SourceVersionDate "2000.05.31"]
[SourceQuality "1"]
[WhiteTeam "Duisburg"]
[BlackTeam "Neukoelln"]
[WhiteTeamCountry "GER"]
[BlackTeamCountry "GER"]

1. d4 d5 2. c4 Nc6 3. cxd5 Qxd5 4. e3 e5 5. Nc3 Bb4 6. Bd2 Bxc3 7. bxc3 Nf6 8.
Nf3 $2 {[%mdl 16384] Damit Weiß den wichtigen Punkt e4 nicht mehr
kontrollieren kann.} (8. c4 $142 Qd6 9. d5) (8. f3 $142 Qd6 (8... O-O 9. c4 Qd6
10. d5 Ne7 11. Qb1 a5 12. e4 c6 13. a4 {1/2-1/2 Giorgadze,G-Sulava,N/San
Marino 1998/(56)}) (8... e4 $5) 9. Bd3 O-O 10. Ne2 Re8 11. O-O b6 12. Qc2 Be6
13. Rad1 Rad8 14. Kh1 {1/2-1/2 Van der Sterren,P-Piket,J/ Amsterdam 1999/(41)})
8... Bg4 9. Be2 e4 $1 {Eine lehrreiche Idee: der wichtige Verteidiger der
weißen Feldern - der Läufer e2 wird damit getauscht.} 10. Ng1 Bxe2 11. Nxe2 O-O
12. O-O Na5 $1 {[%csl Yd5,Ye4][%cal Yd5c4,Ya5c4,Ye4g2] Dank der Kontrolle über
die weißen Felder im weißen Lager hat der Nachziehende klar besseren
Aussichten. In der ersten Linie soll der Vorstoß c3-c4 verhindern werden um
auf dem Punkt c4 einen Vorposten aufgebaut werden kann.  Zweck der Kontrolle
über die weißen Felder soll nersucht werden den weißen Springer zu tauschen.}
13. Nf4 (13. Qa4 $142 Qc4 (13... Nc4 14. Nf4 Qc6 15. Qxc6 bxc6 16. Bc1 Rab8 $15
) 14. Qxa5 Qxe2 15. Bc1 c6 $15 {[%cal Yf8d8,Yd8d5,Yd5g5,Yg5g2] /\Rfd8-d5-g5})
13... Qc6 14. Qc2 Nc4 15. Rfd1 Rfe8 {Schwarz ist klar im Vorteil.} 16. Be1 Nd5
$1 {Siehe Kommentar zum 12...Na5} 17. Nxd5 Qxd5 18. a4 Re6 {[%cal Ye6g6,Yg6g2]
Der Punkt g2 als das Angriffsziel für Schwarz steht nun fest.} 19. Rdb1 {/\Rb5}
a6 {[%cal Ga6b5]} 20. Rb4 {/\Qa2 bzw.Qe2} b6 $1 21. Qe2 Rc6 22. Rc1 Re8 {
[%cal Ye8e6,Ye6g6]} 23. Rc2 Ree6 24. Bd2 Rg6 25. Bc1 h5 26. Qe1 $6 (26. h3 $142
Rg5 $1 27. Qf1 b5 $1 28. axb5 axb5 $17 {[%cal Yc6g6] /\Rcg6}) 26... Qf5 27. Qe2
$2 (27. g3 $142) 27... Rxg2+ $1 {[%mdl 192]} 28. Kxg2 Rg6+ 29. Kh1 Qh3 $19 30.
f4 exf3 31. Qf2 Nd6 0-1

[Event "Bad Endbach"]
[Site "Bad Endbach"]
[Date "1995.??.??"]
[Round "?"]
[White "Levin, Felix"]
[Black "Kaminski, Marcin"]
[Result "1-0"]
[WhiteElo "2490"]
[BlackElo "2455"]
[Annotator "Bangiev,A"]
[PlyCount "117"]
[EventDate "1995.04.??"]
[EventType "tourn"]
[EventRounds "11"]
[EventCountry "GER"]
[EventCategory "11"]
[SourceTitle "CBM 047"]
[Source "ChessBase"]
[SourceDate "1995.08.01"]
[SourceVersion "1"]
[SourceVersionDate "1995.08.01"]
[SourceQuality "1"]

1. d4 d5 2. c4 Nc6 3. Nf3 Bg4 4. cxd5 Bxf3 5. gxf3 Qxd5 6. e3 e6 7. Nc3 Qh5 8.
f4 Qxd1+ 9. Kxd1 O-O-O 10. Bg2 Nce7 11. Ke2 Nf6 12. Bd2 Nf5 13. Rhg1 $5 $146 (
13. Rhc1) 13... h6 $5 (13... c5 14. dxc5 Bxc5 15. Rac1 Kb8 16. Ne4 $1 Nxe4 17.
Bxe4 $36 Bf8 18. Bc3 $16) 14. Bh3 {/\ Bf5 -> Pg7} Rg8 15. f3 $5 (15. Rac1 Bb4
$5 (15... Kb8 $5 16. a3 a6 {/\ c5}) 16. Nb5 $5 (16. f3 Bxc3 17. Bxc3 c6) 16...
Bxd2 17. Rxc7+ Kb8 18. Kxd2 a6 19. Bxf5 exf5 20. Rxf7 axb5 21. f3 $44) 15...
Kb8 16. Ne4 $5 Nd5 (16... Nxe4 17. fxe4 Nd6 18. Bg2 $14) 17. Bxf5 $5 exf5 18.
Ng3 Ne7 $8 (18... g6 $2 19. Nxf5 $16) 19. Bc3 g6 20. e4 $1 (20. Rad1 Nd5 $1 $13
) 20... Bg7 21. Rad1 Bf6 (21... c6 $5 22. Bb4 Bf6 23. Bxe7 Bxe7 24. exf5 Bd6 $5
25. fxg6 (25. Ke3 Rge8+ $15) 25... fxg6 26. Ke3 Rgf8 27. Ne2 Rde8+ 28. Kd3 Rf6
$44) 22. d5 $5 Bxc3 23. bxc3 fxe4 24. fxe4 f5 $5 (24... f6 25. c4 b6 26. Rd3
$14) 25. c4 fxe4 26. Nxe4 b6 27. Kf3 Rgf8 28. Kg4 $5 $14 Nf5 29. Rde1 Rde8 30.
Nd2 $5 {Mit der Idee die schwere Figiren abzutauschen um der Königsaktivität
auf dem Königsflügel zu verstärken.} (30. Kh3 Nd4 31. Rxg6 Rxf4 32. Nc5 $5 Rd8
$5 $13) 30... Nd4 31. Re5 g5 (31... Kc8 $5 32. Rge1 Kd7 (32... h5+ $2 33. Kg5
$16) 33. Ne4 $5 (33. Rxe8 Rxe8 34. Rxe8 Kxe8 $10) 33... Rxf4+ $1 34. Kxf4 Rxe5
35. Nf6+ (35. Kxe5 $2 Nf3+ 36. Kf6 Nxe1 37. Kxg6 Nf3 $13) 35... Kd6 36. Rxe5
$18) 32. Rxe8+ Rxe8 33. fxg5 hxg5 34. Rg2 Re5 35. Nb3 Ne2 36. Rf2 Kb7 37. Rf7
Kc8 38. Nd2 Nd4 39. Nf3 Re4+ 40. Kxg5 Nxf3+ 41. Rxf3 Rxc4 42. h4 Rc2 43. h5
Rxa2 44. h6 Rh2 45. Rf7 a5 46. h7 a4 47. Rf8+ Kd7 48. h8=Q Rxh8 49. Rxh8 Kd6
50. Rd8+ Ke5 51. Kg4 Ke4 52. Kg3 b5 53. Kf2 a3 54. Ke2 b4 55. Rb8 Kd4 56. Rxb4+
Kc3 57. Rb7 a2 58. Rxc7+ Kb2 59. Ra7 1-0

[Event "Alushta4"]
[Site "Alushta"]
[Date "1994.??.??"]
[Round "1"]
[White "Malaniuk, Vladimir P"]
[Black "Morozevich, Alexander"]
[Result "0-1"]
[WhiteElo "2595"]
[BlackElo "2590"]
[Annotator "Belov,I"]
[PlyCount "126"]
[EventDate "1994.??.??"]
[EventType "tourn"]
[EventRounds "9"]
[EventCountry "UKR"]
[EventCategory "13"]
[SourceTitle "CBM 042"]
[Source "ChessBase"]
[SourceDate "1994.10.01"]
[SourceVersion "1"]
[SourceVersionDate "1994.10.01"]
[SourceQuality "1"]

1. d4 {Ftacnik} d5 2. c4 Nc6 3. Nf3 (3. Nc3 dxc4 4. Nf3 (4. d5 Ne5 5. Qd4 Ng6
6. e4 e5 7. Qxc4 Bd6 $10 {Goldin,A-Morozevich,A/S-Peterburg/1993/0:1 (28)})
4... Nf6 5. Bg5 (5. e4 $5) 5... h6 6. Bh4 (6. Bxf6 exf6 7. e3 Be7 8. Bxc4 O-O
9. a3 $1 $14) 6... e6 7. e3 Na5 $5 $146 8. Ne5 a6 9. Qa4+ c6 10. Nxc4 Nxc4 11.
Qxc4 Qb6 $10 {Dreev,A-Morozevich,A/Alushta 4/0,5 (17)}) 3... Bg4 4. Qa4 (4. Nc3
Bxf3 5. exf3 e6 6. cxd5 exd5 7. Bb5 Bb4 8. O-O (8. Qa4 Qd7 $1 9. O-O Nge7 10.
Bg5 f6 11. Bd2 Bd6 12. Rfe1 O-O $10 {Gurevich,M-Miles,A/Groningen/1992/1:0 (49)
}) 8... Nge7 9. Bg5 f6 10. Be3 O-O 11. Qb3 $1 $14 {Voiska,M-Miles,A/ESP/1993/0,
5 (32)}) 4... Bxf3 5. gxf3 (5. exf3 e6 6. Nc3 Nge7 7. cxd5 exd5 $10) 5... e6 (
5... Nf6 6. Nc3 e6 7. Bg5 dxc4 8. O-O-O Be7 9. Qxc4 Nd5 $1 $10 {Portish,
L-Smyslov,V/JUG (m/5)/1971/}) 6. Nc3 (6. e3 Nge7 7. Nc3 g6 8. Bg2 Bg7 9. f4 Qd7
$10 {Flear,G-Watson,W/Schweiz/1984/}) 6... Bb4 (6... Qd7 $5 7. e3 Nge7 8. Bd2
g6) (6... Nf6 {Ftacnik}) 7. cxd5 (7. e3 {Ftacnik} Nge7 8. Bd2 O-O 9. Qc2 Ng6
10. f4 Nh4 11. O-O-O Ne7 12. Kb1 c6 13. Bd3 Kh8 14. Qb3 a5 {Georgiev,
Ki-Morozevic,A/Tilburg m-4/1993/}) 7... exd5 8. a3 Bxc3+ 9. bxc3 Nge7 (9... Qf6
{Ftacnik} 10. Rb1 (10. h4 $5 h6 11. Qb5 Nge7 $5 (11... O-O-O $2 12. Bg5 $1 Nxd4
(12... hxg5 13. hxg5 $18) 13. Bxf6 (13. cxd4 hxg5 14. hxg5 Qxd4 $19) 13... Nxb5
14. Bh3+ Rd7 15. Bxg7 Rh7 16. Rg1 $18)) 10... Nge7 11. Rxb7 O-O $132) 10. Rb1
Rb8 11. h4 $6 (11. Bf4 O-O 12. e3 $10) 11... O-O (11... Qd6 $5 {Ftacnik}) 12.
h5 (12. Bf4 $1 $14 {Ftacnik}) 12... Qd6 $1 (12... h6 13. Bh3 Qd6 14. e4 $13)
13. h6 g6 14. e4 $5 Qe6 (14... dxe4 {Ftacnik} 15. fxe4 Nd5 16. exd5 Qxd5 17.
Rh4 $16) 15. Bh3 f5 (15... Qf6 16. Qd1) 16. O-O $5 (16. e5 Nc8 17. O-O Nb6 18.
Qc2 Nc4 $17) (16. Qc2 {Ftacnik} Qf6 $1) (16. Bg5 {Ftacnik} dxe4 17. O-O Nd5 18.
Qb3 Qf7 $1 $13 (18... Na5 19. Qc2 exf3 20. c4 $16)) 16... Qf6 (16... dxe4 17.
Re1 Qf6 18. fxe4 fxe4 19. Qc2 $13) 17. exd5 $1 (17. e5 Qh4 18. Bg2 f4 $17)
17... Nxd5 18. Qc4 Rbd8 (18... Nce7 19. Bf4 $1 Rf7 $15) 19. Rb5 (19. Rxb7 $4 {
Ftacnik} Na5 $19) 19... Qd6 20. Bg5 Rd7 21. Re1 a6 22. Rxd5 $2 (22. Rxb7 Na5
$19) (22. Rb2 $5 b5 23. Qd3 $13) (22. Rbb1 {Ftacnik} b5 23. Qa2 Kh8 $15) 22...
Qxd5 23. Bf1 b5 24. Qxd5+ Rxd5 25. f4 Rd7 26. a4 Rb8 27. Bg2 Na5 28. axb5 (28.
Re6 $6 {Ftacnik} Rd6 29. Re7 bxa4 $19) 28... axb5 29. Ra1 (29. Re6 $1 {Ftacnik}
) 29... Nb3 30. Ra7 b4 31. cxb4 $8 (31. Bc6 {Ftacnik} Rd6 32. Rxc7 bxc3 $17)
31... Nxd4 32. Ra5 c6 (32... Rxb4 $6 33. Bd5+ Rxd5 $8 34. Rxd5 $15) 33. Ra6 Rc7
34. Bf6 Rxb4 35. Ra8+ Kf7 36. Be5 Rd7 37. Kh2 (37. Bxd4 Rbxd4 38. Bxc6 Rc7 39.
Bg2 Rxf4 $19) (37. Rh8 {Ftacnik} Ke6 38. Re8+ Re7) 37... Rc4 38. Rh8 Ke6 39.
Re8+ Re7 40. Rd8 Nb5 41. Bf3 g5 42. Be2 Re4 43. Bd3 (43. Bxb5 cxb5 44. Rd6+ Kf7
45. Rf6+ Ke8 46. Rxf5 gxf4 $19) (43. Bf3 {Ftacnik} Rxe5 44. fxe5 Na7 $1 45.
Bxc6 Nxc6 46. Rd6+ Kxe5 47. Rxc6 Re6 48. Rc5+ Kf6 49. Rc7 Kg6 $19) 43... Rxe5
$1 44. fxe5 Kxe5 45. Bxb5 cxb5 46. Rb8 Re6 $19 (46... Kf4 {Ftacnik} 47. Rxb5
Re6 48. Kg2 g4 $19) 47. Kg3 Rxh6 (47... Kf6 {Ftacnik} 48. Rxb5 Kg6 $19) 48.
Rxb5+ Kf6 49. Rb6+ Kg7 50. Rb7+ Kg6 51. f4 g4 52. Rb6+ Kg7 (52... Kh5 $19 {
Ftacnik}) 53. Rb7+ Kg8 54. Rb8+ Kf7 55. Rb7+ Kg6 56. Rb6+ Kh5 $8 57. Rb7 Rc6 $1
58. Rxh7+ Kg6 59. Ra7 Rc3+ 60. Kg2 Rf3 61. Ra4 Kh5 62. Rb4 Kh4 63. Ra4 Rg3+ (
63... Rg3+ 64. Kh2 (64. Kf2 Kh3 $19) 64... Rc3 65. Ra2 Rc4 $19) 0-1

[Event "St Petersburg zt"]
[Site "St Petersburg"]
[Date "1993.??.??"]
[Round "4"]
[White "Goldin, Alexander"]
[Black "Morozevich, Alexander"]
[Result "0-1"]
[WhiteElo "2545"]
[BlackElo "2440"]
[Annotator "Belov,I"]
[PlyCount "56"]
[EventDate "1993.01.??"]
[EventType "swiss"]
[EventRounds "9"]
[EventCountry "RUS"]
[SourceTitle "CBM 034"]
[Source "ChessBase"]
[SourceDate "1993.06.01"]
[SourceVersion "1"]
[SourceVersionDate "1993.06.01"]
[SourceQuality "1"]

1. d4 d5 2. c4 Nc6 3. Nc3 (3. Nf3 Bg4 (3... e5 $5 4. dxe5 Bb4+ $1 5. Bd2 dxc4
6. e4 Be6 7. Qc1 Qe7 $8 8. Bxb4 Qxb4+ 9. Nbd2 O-O-O 10. Bxc4 Bxc4 11. Qxc4 Nxe5
$1 $10 {Vasiukov-Welling/CSKA-Eindhoven/1986/}) 4. cxd5 (4. Nc3 Nf6 5. cxd5
Nxd5 6. e4 Bxf3 7. gxf3 Nxc3 8. bxc3 e5 9. Rb1 Bd6 10. d5 Nb8 11. Rg1 g6 12.
Rxb7 $16 {Ribli,Z-Wittmann/Dubai/1986/}) 4... Bxf3 5. gxf3 Qxd5 6. e3 e6 7. Nc3
Bb4 8. Bd2 Qh5 9. Bg2 Nge7 10. f4 Qh4 11. Qe2 a6 12. Rc1 Rd8 13. O-O Bd6 $10 {
Polugaevsky-Ye Ronggeing/Luzern/1985/}) 3... dxc4 (3... Nf6 4. Nf3 Bg4 5. cxd5
Nxd5 6. e4 Nxc3 7. bxc3 e5 8. d5 Nb8 9. Qa4+ Nd7 10. Nxe5 Qf6 11. Be2 $1 {
Gramling-Landenberque/Biel/1987/}) 4. d5 Ne5 5. Qd4 Ng6 6. e4 (6. Qxc4 e5 7.
dxe6 Bxe6 8. Qb5+ Qd7 9. Qxb7) 6... e5 7. Qxc4 Bd6 8. Nf3 Nf6 9. h4 $6 (9. Be2)
9... h6 10. h5 Ne7 11. Be3 O-O (11... Bg4 12. Qb5+) 12. Be2 a6 13. Nd2 $6 (13.
Rd1) 13... c6 14. dxc6 Nxc6 $15 15. Rd1 $2 (15. Qa4 $5) 15... Nb4 $1 $17 16.
Qb3 b5 17. Ra1 Ng4 18. Nf1 Nxe3 19. Nxe3 Bc5 (19... Nc6 $5) 20. O-O Be6 21.
Ned5 (21. Qd1 Qxd1 22. Raxd1 Nxa2 $19) (21. Ncd5 Bxe3 22. Qxb4 Bxd5 23. exd5
Bd4 $17) 21... Nc6 22. Qd1 Nd4 23. Rc1 Qg5 24. Ne3 Rac8 25. Qd3 Rfd8 26. Ncd5
f5 27. b4 fxe4 28. Qd2 Rxd5 0-1